000 00742nam a2200253Ia 4500
003 OSt
005 20260506115558.0
008 210210b1991 xxu||||| |||| 00| 0 eng d
040 _cAL
041 _aKannada
082 _a615.535K SUNM
100 _aSUNDARA (B P)
_dಸುಂದರ (ಬಿ ಪಿ)
_9263367
245 _aMadi nodu maddina guna
_bಮಾಡಿ ನೋಡು ಮದ್ದಿನ ಗುಣ
260 _aBengaluru.
_bJanapada Prakashana,
_c1991
300 _a96
650 _anodu
_9263368
650 _aMadi
_9263369
650 _amaddina
_9263370
650 _aguna
_9263371
690 _aPharmacology
_9263372
700 _aRENUKA (B K)
_9263373
_dರೇಣುಕಾ (ಬಿ ಕೆ)
906 _a045782
942 _2ddc
_cBK
999 _c95199
_d95199